<?xml version="1.0" encoding="UTF-8"?>
<record
    xmlns:xsi="http://www.w3.org/2001/XMLSchema-instance"
    xsi:schemaLocation="http://www.loc.gov/MARC21/slim http://www.loc.gov/standards/marcxml/schema/MARC21slim.xsd"
    xmlns="http://www.loc.gov/MARC21/slim">

  <leader>01151cam4a220025300 4500</leader>
  <controlfield tag="001">qce02604799</controlfield>
  <controlfield tag="005">20190814131913.0</controlfield>
  <controlfield tag="008">720830s1971    it a          100 0 eng d</controlfield>
  <datafield tag="035" ind1=" " ind2=" ">
    <subfield code="a">(Sirsi) r67588</subfield>
  </datafield>
  <datafield tag="035" ind1=" " ind2=" ">
    <subfield code="a">(QCAT)lss04928107</subfield>
  </datafield>
  <datafield tag="035" ind1=" " ind2=" ">
    <subfield code="a">(UPRA)qce02604799</subfield>
  </datafield>
  <datafield tag="040" ind1=" " ind2=" ">
    <subfield code="d">UPRA</subfield>
  </datafield>
  <datafield tag="060" ind1="0" ind2=" ">
    <subfield code="a">QZ 267</subfield>
    <subfield code="b">C644n 1971</subfield>
  </datafield>
  <datafield tag="111" ind1="2" ind2=" ">
    <subfield code="a">Clinical Oncology Seminar (1971 : Padua)</subfield>
    <subfield code="d">Clinical Oncology Seminar (1971 : Padua)</subfield>
    <subfield code="c">Clinical Oncology Seminar (1971 : Padua)</subfield>
    <subfield code="6">A28350.1</subfield>
  </datafield>
  <datafield tag="245" ind1="1" ind2="0">
    <subfield code="a">Newer anticancer drugs and procedures :</subfield>
    <subfield code="b">proceedings. M. Fiorentino, editor.</subfield>
  </datafield>
  <datafield tag="260" ind1=" " ind2=" ">
    <subfield code="a">Padova :</subfield>
    <subfield code="b">Piccin,</subfield>
    <subfield code="c">[c1971]</subfield>
  </datafield>
  <datafield tag="500" ind1=" " ind2=" ">
    <subfield code="a">Summaries in Italian.</subfield>
  </datafield>
  <datafield tag="504" ind1=" " ind2=" ">
    <subfield code="a">Includes bibliographies.</subfield>
  </datafield>
  <datafield tag="650" ind1=" " ind2="2">
    <subfield code="a">Neoplasms -- drug therapy -- congresses.</subfield>
    <subfield code="x">Neoplasms -- drug therapy -- congresses.</subfield>
    <subfield code="x">Neoplasms -- drug therapy -- congresses.</subfield>
    <subfield code="6">S20471.1</subfield>
  </datafield>
  <datafield tag="650" ind1=" " ind2="2">
    <subfield code="a">Antineoplastic Agents -- therapeutic use -- congresses.</subfield>
    <subfield code="x">Antineoplastic Agents -- therapeutic use -- congresses.</subfield>
    <subfield code="x">Antineoplastic Agents -- therapeutic use -- congresses.</subfield>
    <subfield code="6">S20472.1</subfield>
  </datafield>
  <datafield tag="700" ind1="1" ind2=" ">
    <subfield code="a">Fiorentino, Mario.</subfield>
    <subfield code="6">A28351.1</subfield>
  </datafield>
  <datafield tag="949" ind1=" " ind2=" ">
    <subfield code="a">RC271</subfield>
    <subfield code="w">LC</subfield>
    <subfield code="i">-90560</subfield>
    <subfield code="m">MEDICAL</subfield>
    <subfield code="t">BOOK</subfield>
    <subfield code="l">ON-SHELF</subfield>
  </datafield>
  <controlfield tag="004">67588</controlfield>
  <datafield tag="999" ind1=" " ind2=" ">
    <subfield code="c">55414</subfield>
    <subfield code="d">55414</subfield>
  </datafield>
</record>
